Länder, die am arabischsten sprechen - Statistiken

Allgemein
  • Dieses Quiz wurde 316 mal gespielt
    258 seit der letzten Aktualisierung
  • Das Durchschnittsergebnis liegt bei 13 aus 15
Antwortstatistiken
Anzahl der Sprecher Antworten % Korrekt
27,178,770 Saudi Arabien
97%
82,449,200 Ägypten
96%
22,908,120 Irak
94%
14,761,000 Jemen
92%
25,003,930 Marokko
92%
40,100,000 Algerien
91%
17,951,639 Syrien
89%
10,800,500 Tunesien
88%
4,526,000 Libyen
86%
4,180,000 Libanon
82%
28,164,500 Sudan
82%
3,607,600 Vereinigte Arabische Emirate
82%
5,083,300 Jordanien
81%
3,140,000 Mauretanien
63%
3,788,000 Somalia
63%
Keine übereinstimmenden Quizze gefunden
Verteilung der Resultate
Anzahl Personen mit jedem Resultat
Perzentil nach korrekt beantworteten Fragen
Ihre Resultats-Entwicklung
Sie haben dieses Quiz seit der letzten Aktualisierung nicht gespielt